000 00416 a2200085 4500
999 _c20576
_d20576
003 WA 310
005 20220128111408.0
008 220128s2002 pl ||||f u||| 000 0 pol d
020 _a8323699194
040 _aWA 310
_cWA 310
041 _apol
_heng
245 0 0 _aMetody pomiarów urządzeń stosowanych w radiowych mikrofalowych systemach transmisji cyfrowej - Część 3-12: Pomiary naziemnych stacji satelitarnych - Właściwości ogólne systemu satelitarnego =
_bMethods of measurement for equipment used in digital microwave radio transmission systems - Part 3: Measurements on satellite earth stations - Section 12: Overall system performance PN-EN 60835-3-12:2002P /
_cNKP nr 11.
246 1 3 _aPN-EN 60835-3-12
246 1 3 _aICS 33.060.30
246 1 3 _aPolska Norma
246 3 1 _aMethods of measurement for equipment used in digital microwave radio transmission systems - Part 3: Measurements on satellite earth stations - Section 12: Overall system performance
260 _aWarszawa :
_bPKN,
_c2002.
300 _a4 stron ;
_c30 cm.
336 _2rdacontent
_aTekst
_btxt
337 _2rdamedia
_aBez urządzenia pośredniczącego
_bn
338 _2rdacarrier
_aWolumin
_bnc
500 _aWprowadza EN 60835-3-12:1995, IDT, IEC 60835-3-12:1993, IDT ; Zastępuje PN-EN 60835-3-12:2002 (U) ; Zatwierdzona 10 grudnia 2002 r.
500 _aNorma Europejska EN 60835-3-12:1995 ma status Polskiej Normy.
710 _91107
_aPolska.
_bPolski Komitet Normalizacyjny.
_eInstytucja sprawcza
_eWydawca
920 _a83-236-9919-4
942 _2ddc
_cBK